=LDR 00000nam 2200000 4500 =001 INLIS000000000043972 =005 20131008104030 =008 ***********************************Ind** =035 ##$$0010-101300000001894 =041 ##$$a Ind =082 ##$$a 813 =090 ##$$a 813, Tak r =100 ##$$a Takwin, Bagus =245 ##$$a Ruwita, Bagus Takwin =260 ##$$a 2005 $b Jakarta =300 ##$$a iv, 168 hlm, 20 cm =650 ##$$a Fiksi Indonesia =850 ##$$a NBPNMAT =990 ##$$a 21195010/BPAP-NTB/2014 =990 ##$$a 0001/BPAP-NTB/2015